| 000 | 00432nam a22001577a 4500 | ||
|---|---|---|---|
| 020 | _a9789332555082 | ||
| 040 | _cNUST | ||
| 082 | _a621.38152 STR | ||
| 100 |
_aStreetman, Ben G. _954948 |
||
| 110 |
_aBanerjee, Sanjay Kumar _991737 |
||
| 245 | _aSolid State Electronic Devices | ||
| 250 | _a7th Edition | ||
| 260 |
_a New Delhi: _bPearson Education _c2016. |
||
| 650 |
_aSolid state Electronic Devices _991738 |
||
| 942 |
_2ddc _cBK |
||
| 999 |
_c589888 _d589888 |
||